000 00764nam a22001937a 4500
003 BDDh-ASL
005 20231015025735.0
008 201028s2004 bg ||||| |||| 00| 0 b d
040 _aBDDh-ASL
_cBDDh-ASL
041 _aben
082 _a297.9
_bBAM
100 1 _9350
_aবদিউজজামান
_cড.
245 1 0 _aমৌলবাদ স্পন্দিত নিসর্গে /
246 _aMoulabad Spondita Nishargey (Fundamentalism in the Rhythm of Nature) by Dr. Badiuzzaman.
260 _aঢাকা :
_bসেন্টার ফর বাংলাদেশ স্টাডিজ,
_c2004.
300 _a২২৪ পৃ. :
_c২২ সে. মি.
650 0 _aMaulabāda, মৌলবাদ, Fundamentalism,
_91724
942 _2ddc
_cBK
999 _c18821
_d18821